000 00310nam a22001217a 4500
008 230621b xxu||||| |||| 00| 0 eng d
082 _a328.06
_bIPU
100 _cIPU
245 _aActivities of the IPU in 2002
_bAnnual Report of the Secretary General
260 _bIPU
_c2002
300 _a35p
942 _2ddc
_cBK
999 _c2041
_d2041